Người về theo lối cỏ /
Gespeichert in:
| 1. Verfasser: | |
|---|---|
| Format: | Artikel |
| Sprache: | Vietnamese |
| Schlagworte: | |
| Tags: |
Tag hinzufügen
Keine Tags, Fügen Sie den ersten Tag hinzu!
|
| Thư viện lưu trữ: | Thư viện Trường Đại học Đà Lạt |
|---|
| LEADER | 00736nam a2200265 4500 | ||
|---|---|---|---|
| 001 | DLU140164671 | ||
| 005 | ##20141007 | ||
| 040 | # | # | |a DLU |b vie |
| 041 | # | # | |a vie |
| 044 | # | # | |a vn |
| 100 | # | # | |a Tuệ Minh. |
| 245 | # | # | |a Người về theo lối cỏ / |c Tuệ Minh. |
| 653 | # | # | |a Nhà thơ |
| 653 | # | # | |a Suy nghĩ |
| 653 | # | # | |a Thế giới nghệ thuật |
| 773 | # | # | |t Tạp chí Diễn dàn Văn nghệ Việt Nam |g Số 228(1), 2014, tr.34-38 |
| 920 | # | # | |a Phòng Tạp chí -- Trung tâm Thông tin - Thư viện Trường Đại học Đà Lạt |
| 994 | # | # | |a DLU |
| 900 | # | # | |a True |
| 911 | # | # | |a Trần Thị Minh Hương |
| 925 | # | # | |a G |
| 926 | # | # | |a A |
| 927 | # | # | |a BB |
| 980 | # | # | |a Thư viện Trường Đại học Đà Lạt |